000 01126 a2200205 4500
999 _c1309
_d1309
005 20181127114219.0
010 _aHIN-79159 B-233560
020 _c225.00
035 _aHN-51505
035 _aB-233560
035 _aB-233586 ,B-233578 B-233579
037 _bD.B.Act / pub
082 _a000
245 _aआर गुप्ता कृत पाँपुलर मास्टर गाइड एल.आई.सी.ए.डी.ओ.अप्रैन्टिस विकास अधिकारी परीक्षा
246 _aR. Gupta krit popular master guide L. I. C. A. D. O. aprentice vicas adhicari pricsha
260 _aनई दिल्ली
_bरमेश पब्लिशिंग हाउस
_c2008
270 _a12-एच, न्यू दरियागंज रोड़,ट्रैफिक कोतवाली के सामने
_bनई दिल्ली
_e110002
_k23261567
_l011-23275124
_minfo@rameshpublishinghouse.com
300 _aवि. पृ.
_c24 सेमी (सजिल्द)
942 _adpl
_cHN
_k000 / आरगु
_2ddc
_h000
_mआरगु